TV Show Keychains II Quiz Stats

 Plays Quiz Updated Sep 18, 2017

Also try: TV Show Keychains
Challenge
Share
Tweet
Score 0/25 Timer 06:00
6 Plays Today
% Correct
Teenage Mutant Ninja Turtles
95.2%
Scooby-Doo, Where Are You!
93.6%
SpongeBob SquarePants
93.2%
Popeye the Sailor
92.4%
Doctor Who
88.1%
Friends
88.1%
Two and a Half Men
86.3%
Wonder Woman
83.5%
The Flash
81.3%
Sex and the City
78.3%
The Fresh Prince of Bel-Air
72.5%
The Ren & Stimpy Show
66.8%
The A-Team
62.1%
% Correct
Adventure Time
57.9%
Phineas and Ferb
56.9%
Diff'rent Strokes
56.7%
Boy Meets World
55%
Gilligan's Island
52.9%
House, M.D.
51.2%
Sons of Anarchy
49.4%
Bob's Burgers
48.1%
Arrested Development
45%
The West Wing
27.2%
Stargate SG-1
17.7%
Babylon 5
11.7%

You're not logged in!

Compare scores with friends on all Sporcle quizzes.
Join for Free
OR
Log In

You Might Also Like...

Show Comments

Extras

Top Quizzes Today


Score Distribution

Your Account Isn't Verified!

In order to create a playlist on Sporcle, you need to verify the email address you used during registration. Go to your Sporcle Settings to finish the process.

Report this User

Report this user for behavior that violates our Community Guidelines.

Details: